[Event "22nd WCh U20 Girls"]
[Site "Kochi IND"]
[Date "2004.11.21"]
[Round "4.1"]
[White "Majdan, Joanna"]
[Black "Ushenina, Anna"]
[Result "1/2-1/2"]
[WhiteElo "2219"]
[BlackElo "2370"]
[EventDate "2004.11.20"]
[PlyCount "102"]

1.e4 c6 2.d4 d5 3.Nd2 dxe4 4.Nxe4 Nd7 5.Ng5 Ngf6 6.Bd3 e6 7.N1f3 Bd6 8.Qe2
h6 9.Ne4 Nxe4 10.Qxe4 Qc7 11.O-O c5 12.Re1 c4 13.Bf1 Nf6 14.Qe2 c3 15.bxc3
Qxc3 16.Rb1 O-O 17.Rb3 Qc7 18.Ne5 Rd8 19.Rg3 Kf8 20.Qf3 Qe7 21.Bb5 a6 22.
Bd3 Bb4 23.Rxg7 Kxg7 24.Qg3+ Kf8 25.Bxh6+ Ke8 26.Qg7 Nd7 27.Qg8+ Nf8 28.
Bg5 Qc7 29.Bxd8 Kxd8 30.Nxf7+ Ke8 31.Bg6 Bxe1 32.Ne5+ Ke7 33.Qf7+ Kd6 34.
Qxf8+ Kd5 35.Qf3+ Kxd4 36.Qe4+ Kc5 37.Nd3+ Kd6 38.Qe5+ Kd7 39.Nc5+ Kd8 40.
Qh8+ Ke7 41.Ne4 Qc6 42.h4 b5 43.h5 Bb7 44.Qg7+ Kd8 45.h6 Qd7 46.Qh8+ Kc7 
47.Qe5+ Kb6 48.Qc5+ Ka5 49.Qa3+ Kb6 50.Qe3+ Kc7 51.Qxe1 Qd4 1/2-1/2

[Event "22nd WCh U20 Girls"]
[Site "Kochi IND"]
[Date "2004.11.21"]
[Round "4.2"]
[White "Zhang Jilin"]
[Black "Vinuthna, N."]
[Result "1-0"]
[WhiteElo "2287"]
[BlackElo "2229"]
[EventDate "2004.11.20"]
[PlyCount "106"]

1.e4 c5 2.Nc3 Nc6 3.g3 g6 4.Bg2 Bg7 5.d3 d6 6.Be3 Rb8 7.Qd2 b5 8.Nge2 Nd4 
9.O-O b4 10.Nd1 e6 11.h3 Nxe2+ 12.Qxe2 Ne7 13.Qd2 O-O 14.Bh6 Nc6 15.Bxg7 
Kxg7 16.Ne3 Bb7 17.f4 f5 18.Rae1 Qd7 19.Nc4 Rbe8 20.e5 dxe5 21.fxe5 Rd8 
22.Qf2 Nd4 23.Nd6 Bxg2 24.Qxg2 Nb5 25.Nxb5 Qxb5 26.g4 Kh8 27.Kh2 Qd7 28.
gxf5 gxf5 29.Qg5 Qg7 30.Qxg7+ Kxg7 31.Rf4 Rg8 32.Re2 Kf7 33.Rh4 Rg7 34.Rc4
Rd5 35.d4 cxd4 36.Rxb4 Ke8 37.Rb8+ Rd8 38.Rxd8+ Kxd8 39.Rd2 Rd7 40.Kg3 Kc7
41.Kf4 Kc6 42.Kg5 Kd5 43.Kf6 f4 44.c3 Ke4 45.Kxe6 dxc3 46.Rxd7 c2 47.Rc7 
Kd3 48.Kd6 f3 49.e6 f2 50.e7 f1=Q 51.e8=Q Qf4+ 52.Qe5 c1=Q 53.Rxc1 Qxc1 
1-0

[Event "22nd WCh U20 Girls"]
[Site "Kochi IND"]
[Date "2004.11.21"]
[Round "4.4"]
[White "Korbut, Ekaterina"]
[Black "Foudzi, Siti Zulaikha"]
[Result "1/2-1/2"]
[WhiteElo "2400"]
[BlackElo "2162"]
[EventDate "2004.11.20"]
[PlyCount "81"]

1.e4 c5 2.Nf3 Nc6 3.d4 cxd4 4.Nxd4 g6 5.c4 Nf6 6.Nc3 d6 7.Be2 Nxd4 8.Qxd4 
Bg7 9.Be3 O-O 10.Qd2 Be6 11.O-O Qa5 12.f3 Rfc8 13.Rfc1 Kf8 14.b3 a6 15.
Rab1 Nd7 16.b4 Qd8 17.Nd5 a5 18.a3 axb4 19.axb4 Ra3 20.c5 Rca8 21.cxd6 
Bxd5 22.exd5 exd6 23.Bf2 Kg8 24.f4 Nf6 25.Bf3 Qd7 26.Qc2 Ne8 27.Qc4 h5 28.
h3 Kh7 29.Re1 Bf6 30.Rbc1 Kg7 31.Rc2 Ra1 32.Rxa1 Rxa1+ 33.Rc1 Rxc1+ 34.
Qxc1 Qb5 35.Qe1 Nc7 36.Qe4 Na6 37.Be1 Qa4 38.Qb1 Qa3 39.b5 Nc5 40.Bf2 Qc3 
41.Qe1 1/2-1/2

[Event "22nd WCh U20 Girls"]
[Site "Kochi IND"]
[Date "2004.11.21"]
[Round "4.6"]
[White "Mijovic, Aleksandra"]
[Black "Gutsko, Anastasia"]
[Result "0-1"]
[WhiteElo "2152"]
[BlackElo "2272"]
[EventDate "2004.11.20"]
[PlyCount "100"]

1.e4 c6 2.d4 d5 3.Nc3 dxe4 4.Nxe4 Nd7 5.Bd3 Ngf6 6.Ng5 e6 7.N1f3 Bd6 8.Qe2
h6 9.Ne4 Nxe4 10.Qxe4 Qc7 11.Bd2 b6 12.Qg4 Kf8 13.O-O-O Nf6 14.Qh4 c5 15.
Rhe1 Bb7 16.Ne5 cxd4 17.Qxd4 Bxe5 18.Rxe5 Rd8 19.Qf4 Bxg2 20.Qg3 Bd5 21.
Rg1 Ne8 22.Bb4+ Kg8 23.Bb5 Bc6 24.Be7 Qxe7 25.Bxc6 Qd6 26.Bf3 g6 27.Rd1 
Qe7 28.Rxd8 Qxd8 29.Re3 Kg7 30.Rd3 Qe7 31.Rc3 Nd6 32.Qe5+ Kh7 33.h4 Rc8 
34.Rd3 Nf5 35.h5 Qg5+ 36.Kb1 gxh5 37.Rd7 Qg1+ 38.Bd1 Kg6 39.Qe2 Qh1 40.
Rxa7 Rd8 41.Kc1 Nd4 42.Qd3+ Kf6 43.Qc3 e5 44.Rxf7+ Kxf7 45.Qc7+ Ke8 46.
Qxe5+ Kd7 47.Qxd4+ Kc8 48.Qc4+ Kb7 49.Qf7+ Kb8 50.Qf4+ Kc8 0-1

[Event "22nd WCh U20 Girls"]
[Site "Kochi IND"]
[Date "2004.11.21"]
[Round "4.7"]
[White "Aketaeva, Dana"]
[Black "Meenu, Rajendran"]
[Result "1-0"]
[WhiteElo "2223"]
[BlackElo "1979"]
[EventDate "2004.11.20"]
[PlyCount "89"]

1.e4 Nc6 2.Nf3 e5 3.Bb5 a6 4.Ba4 Nf6 5.Bxc6 dxc6 6.d3 Nd7 7.Nbd2 Bc5 8.O-O
O-O 9.Nc4 f6 10.Be3 Bxe3 11.fxe3 Qe8 12.Nh4 b5 13.Nd2 Nb6 14.Rf2 Be6 15.
Qf3 Kh8 16.Nf1 g5 17.Nf5 Bxf5 18.Qxf5 Qd7 19.Qf3 c5 20.Ng3 Qe6 21.Nh5 Nd7 
22.Raf1 Rf7 23.b3 Rg8 24.Qf5 Qxf5 25.Rxf5 Rgf8 26.Kf2 h6 27.Ke2 Kh7 28.c3 
Kg6 29.g4 Re8 30.R5f3 a5 31.Ng3 Nb6 32.Kd2 c4 33.bxc4 bxc4 34.d4 Rd8 35.
Kc2 Na4 36.dxe5 Re8 37.Rxf6+ Rxf6 38.exf6 Kf7 39.Nf5 Rxe4 40.Nxh6+ Kf8 41.
Rd1 Re8 42.Rd7 Rb8 43.Rf7+ Ke8 44.Rxc7 Nb6 45.Rh7 1-0

[Event "22nd WCh U20 Girls"]
[Site "Kochi IND"]
[Date "2004.11.21"]
[Round "4.8"]
[White "Tania, Sachdev"]
[Black "Ghaderpour, Shayesteh"]
[Result "1-0"]
[WhiteElo "2256"]
[BlackElo "2025"]
[EventDate "2004.11.20"]
[PlyCount "55"]

1.d4 Nf6 2.c4 c5 3.d5 b5 4.cxb5 a6 5.b6 e6 6.Nc3 Nxd5 7.Nxd5 exd5 8.Qxd5 
Nc6 9.Nf3 Rb8 10.e4 Be7 11.Bc4 O-O 12.O-O Rxb6 13.b3 Bb7 14.Qd2 Bf6 15.Bb2
Bxb2 16.Qxb2 Na5 17.Bd5 Bxd5 18.exd5 Rb4 19.Qc3 d6 20.Rfe1 Qb6 21.Re7 c4 
22.Ng5 cxb3 23.Ne6 Rg4 24.Nxf8 b2 25.Rb1 Rc4 26.Re8 f6 27.Qe1 Qd8 28.Qd1 
1-0

[Event "22nd WCh U20 Girls"]
[Site "Kochi IND"]
[Date "2004.11.21"]
[Round "4.10"]
[White "Van Weersel, Arlette"]
[Black "Ramya Krishna, Inapuri"]
[Result "1-0"]
[WhiteElo "2184"]
[BlackElo "2096"]
[EventDate "2004.11.20"]
[PlyCount "86"]

1.e4 e5 2.Nf3 Nc6 3.Bc4 Bc5 4.c3 Nf6 5.d3 d6 6.Bb3 O-O 7.Be3 Bxe3 8.fxe3 
d5 9.exd5 Nxd5 10.Qe2 a5 11.O-O a4 12.Bc2 f5 13.Na3 f4 14.exf4 exf4 15.Nd2
Ne3 16.Rf2 Bg4 17.Nf3 Ne5 18.d4 Nxf3+ 19.gxf3 Bh3 20.Kh1 Re8 21.Be4 Kh8 
22.Nc4 Nxc4 23.Qxc4 Qe7 24.Qd5 Qh4 25.Rd2 c6 26.Qc4 Bf5 27.Qd3 Bh3 28.Rg1 
Rad8 29.c4 Re7 30.d5 Red7 31.Qc3 Qf6 32.Qc2 g6 33.Qxa4 b5 34.cxb5 cxd5 35.
Bd3 Re7 36.Bf1 Bf5 37.Qxf4 d4 38.Bd3 Rf7 39.Rgd1 Qe7 40.Qg3 Bxd3 41.Rxd3 
Qc5 42.a4 Ra7 43.b3 Re7 1-0

[Event "22nd WCh U20 Girls"]
[Site "Kochi IND"]
[Date "2004.11.21"]
[Round "4.12"]
[White "Gutierrez Castillo, Paloma"]
[Black "Delphin, C."]
[Result "1/2-1/2"]
[WhiteElo "2119"]
[BlackElo "1998"]
[EventDate "2004.11.20"]
[PlyCount "120"]

1.e4 c5 2.Nf3 Nc6 3.d4 cxd4 4.Nxd4 Nf6 5.Nc3 e5 6.Ndb5 d6 7.Bg5 a6 8.Na3 
b5 9.Bxf6 gxf6 10.Nd5 Bg7 11.g3 Ne7 12.Nxe7 Qxe7 13.Bg2 Be6 14.c3 O-O 15.
Nc2 Rab8 16.Nb4 Rb6 17.Nd5 Bxd5 18.Qxd5 b4 19.c4 Rc8 20.O-O Rc5 21.Qd3 Qc7
22.b3 a5 23.a4 Qe7 24.Bh3 Kh8 25.Rad1 f5 26.Bxf5 Bf6 27.Qf3 h6 28.Rd3 Qf8 
29.Qh5 Qg7 30.Rfd1 Be7 31.Rd5 Rbc6 32.R1d3 Rxd5 33.Rxd5 Rc5 34.Qd1 Qf6 35.
Rd3 Bf8 36.h4 Be7 37.Qh5 Rc7 38.Kh2 Kg8 39.Rf3 Qg7 40.Kh3 Bf6 41.Rd3 Be7 
42.Rf3 Bf6 43.Bg4 Bd8 44.Rd3 Be7 45.Qf5 Qg6 46.Qf3 Qg7 47.Qd1 Rc5 48.Rd5 
Qf6 49.Bf5 Rxd5 50.Qxd5 Bd8 51.Kg2 Kg7 52.Kf1 Qe7 53.Ke2 Qc7 54.Qa8 Qb6 
55.Kf3 Bc7 56.Qc8 Qc5 57.Kg2 Bb6 58.Qxc5 Bxc5 59.f4 Kf6 60.Kf3 Bd4 1/2-1/2

[Event "22nd WCh U20 Girls"]
[Site "Kochi IND"]
[Date "2004.11.21"]
[Round "4.13"]
[White "Raghavi, Nagarajan"]
[Black "Stiri, Alexandra"]
[Result "1-0"]
[WhiteElo "2117"]
[BlackElo "2201"]
[EventDate "2004.11.20"]
[PlyCount "115"]

1.e4 c5 2.Nf3 e6 3.d3 g6 4.g3 Bg7 5.Bg2 Ne7 6.O-O O-O 7.c3 d5 8.Nbd2 Nbc6 
9.Re1 Qd6 10.Qe2 b6 11.e5 Qc7 12.Nf1 Ba6 13.a4 Rad8 14.Bf4 Qd7 15.h4 h5 
16.N1h2 Nf5 17.g4 Nh6 18.gxh5 gxh5 19.Ng5 f6 20.exf6 Rxf6 21.Nxe6 Re8 22.
Nxc5 Rxe2 23.Nxd7 Rxe1+ 24.Rxe1 Rxf4 25.Bxd5+ Kh7 26.Bxc6 Bxd3 27.Nf3 Bf5 
28.Nde5 Bf6 29.Ng5+ Kg7 30.Nef3 Nf7 31.Nxf7 Kxf7 32.Ng5+ Kg6 33.Be8+ Kh6 
34.Re3 Rxh4 35.Nf7+ Kh7 36.Nd6 Bc2 37.Re6 Kg7 38.Bc6 Rg4+ 39.Kh2 Bg5 40.
Ne4 Bf4+ 41.Kh3 Bd3 42.Ng3 Bxg3 43.fxg3 Bf5 44.Re5 Kf6 45.Rxf5+ Kxf5 46.
Bd7+ Kg5 47.Bxg4 hxg4+ 48.Kg2 Kf5 49.Kf2 Ke4 50.Ke2 a6 51.b4 b5 52.a5 Kd5 
53.Kd3 Ke6 54.c4 bxc4+ 55.Kxc4 Kd6 56.b5 axb5+ 57.Kxb5 Kc7 58.Kc5 1-0

[Event "22nd WCh U20 Girls"]
[Site "Kochi IND"]
[Date "2004.11.21"]
[Round "4.17"]
[White "Sandhya, N."]
[Black "Iswarya Shobana, L."]
[Result "0-1"]
[WhiteElo "2113"]
[BlackElo "2082"]
[EventDate "2004.11.20"]
[PlyCount "121"]

1.e4 c5 2.Nf3 d6 3.d4 cxd4 4.Nxd4 Nf6 5.Nc3 a6 6.Be2 e5 7.Nb3 Be7 8.O-O 
O-O 9.Kh1 b5 10.f3 Be6 11.Qe1 Nbd7 12.Bd3 Nc5 13.Nxc5 dxc5 14.f4 exf4 15.
e5 Nd5 16.Be4 Rc8 17.Bxf4 Nxf4 18.Rxf4 Bg5 19.Rf3 b4 20.Rd3 Qa5 21.Nd5 c4 
22.Rd4 Bxd5 23.Bxd5 c3 24.bxc3 Rxc3 25.e6 fxe6 26.Qxe6+ Kh8 27.Re1 Rxc2 
28.h4 Bf6 29.Rde4 Qd8 30.Bb3 Bxh4 31.Bxc2 Bxe1 32.Qh3 Rf1+ 33.Kh2 g6 34.
Qe6 Qb8+ 35.Re5 Bc3 36.Qe8+ Rf8 37.Qxb8 Rxb8 38.Re6 a5 39.Ra6 Be5+ 40.Kh3 
Rb5 41.Kg4 Rc5 42.Bb3 Bc3 43.Rd6 h5+ 44.Kf3 Kg7 45.Rd7+ Kf6 46.Rd6+ Kg7 
47.Rd7+ Kh6 48.Rd6 Rf5+ 49.Ke3 Rg5 50.Kf3 Rf5+ 51.Ke3 Kg5 52.Bc2 Rf6 53.
Rd5+ Kh6 54.Bb3 Ra6 55.Kd3 a4 56.Bc2 Rf6 57.Bxa4 Rf2 58.Bc6 Rxa2 59.Kc4 
Rxg2 60.Rxh5+ Kxh5 61.Bxg2 0-1

[Event "22nd WCh U20 Girls"]
[Site "Kochi IND"]
[Date "2004.11.22"]
[Round "5.1"]
[White "Pahtz, Elisabeth"]
[Black "Majdan, Joanna"]
[Result "1-0"]
[WhiteElo "2398"]
[BlackElo "2219"]
[EventDate "2004.11.20"]
[PlyCount "75"]

1.e4 c5 2.Nf3 Nc6 3.d4 cxd4 4.Nxd4 e5 5.Nb5 d6 6.N1c3 a6 7.Na3 b5 8.Nd5 
Nge7 9.c4 Nd4 10.Be3 Nxd5 11.cxd5 Be7 12.Bd3 O-O 13.O-O f5 14.Bxd4 exd4 
15.Nc2 f4 16.Nxd4 Bf6 17.Nc6 Qe8 18.e5 dxe5 19.Be4 Bd7 20.a4 b4 21.Nxb4 
Bh4 22.d6 Rb8 23.Nxa6 f3 24.Nxb8 fxg2 25.Bxg2 Qxb8 26.Qd5+ Kh8 27.a5 Bxf2+
28.Kh1 Bb5 29.Qb7 Bxf1 30.Rxf1 Qxd6 31.a6 e4 32.a7 Bxa7 33.Rxf8+ Qxf8 34.
Qxa7 h6 35.Qe3 Qd6 36.Bxe4 Qd1+ 37.Qg1 Qe2 38.Qb1 1-0

[Event "22nd WCh U20 Girls"]
[Site "Kochi IND"]
[Date "2004.11.22"]
[Round "5.2"]
[White "Ushenina, Anna"]
[Black "Zhang Jilin"]
[Result "1-0"]
[WhiteElo "2370"]
[BlackElo "2287"]
[EventDate "2004.11.20"]
[PlyCount "85"]

1.d4 Nf6 2.c4 c5 3.d5 b5 4.cxb5 a6 5.bxa6 Bxa6 6.Nc3 d6 7.Nf3 g6 8.g3 Bg7 
9.Bg2 O-O 10.O-O Nbd7 11.Rb1 Qa5 12.Bd2 Rfb8 13.Qc2 Ng4 14.b3 Nge5 15.Nxe5
Nxe5 16.a4 Rb7 17.h3 Rab8 18.Na2 Qc7 19.Rfe1 Qc8 20.f4 Nd7 21.Bc3 Bxc3 22.
Qxc3 Rb6 23.e4 Qb7 24.Re3 Qa7 25.Kh2 c4 26.b4 Nc5 27.Qc2 Bc8 28.a5 Rb5 29.
Qxc4 Ba6 30.Qd4 Qb7 31.Rc1 Rxb4 32.Nxb4 Qxb4 33.Qxb4 Rxb4 34.e5 Ra4 35.
exd6 exd6 36.Re8+ Kg7 37.Rd8 Rxa5 38.Rxd6 Nd3 39.Rd1 Bc4 40.Rc6 Bb5 41.Rb6
Bc4 42.Rc6 Bb5 43.Rc3 1-0

[Event "22nd WCh U20 Girls"]
[Site "Kochi IND"]
[Date "2004.11.22"]
[Round "5.3"]
[White "Gutsko, Anastasia"]
[Black "Aketaeva, Dana"]
[Result "0-1"]
[WhiteElo "2272"]
[BlackElo "2223"]
[EventDate "2004.11.20"]
[PlyCount "22"]

1.e4 e5 2.Nf3 Nc6 3.Bb5 a6 4.Ba4 Nf6 5.O-O Nxe4 6.d4 b5 7.Bb3 d5 8.dxe5 
Be6 9.Nbd2 Nc5 10.c3 d4 11.Ng5 Nd7 0-1

[Event "22nd WCh U20 Girls"]
[Site "Kochi IND"]
[Date "2004.11.22"]
[Round "5.4"]
[White "Kruttika, Nadig"]
[Black "Korbut, Ekaterina"]
[Result "0-1"]
[WhiteElo "2182"]
[BlackElo "2400"]
[EventDate "2004.11.20"]
[PlyCount "83"]

1.e4 c5 2.Nf3 Nc6 3.d4 cxd4 4.Nxd4 g6 5.Nc3 Bg7 6.Be3 Nf6 7.Bc4 O-O 8.Bb3 
d6 9.h3 Qa5 10.O-O Bd7 11.Qd3 Rfd8 12.Rad1 Rac8 13.a3 Ne5 14.Qe2 b5 15.Nd5
Nxd5 16.exd5 Nc4 17.Bc1 Re8 18.Qe4 Qb6 19.Kh1 Qb7 20.Rfe1 Rc5 21.Bxc4 bxc4
22.Nc6 Bxc6 23.dxc6 Qxc6 24.b4 cxb3 25.Qxc6 Rxc6 26.cxb3 e6 27.Be3 a6 28.
Bd4 Rec8 29.Bxg7 Kxg7 30.Kh2 d5 31.Rd4 Rc3 32.Rb4 R8c6 33.a4 Rd6 34.Re3 
Rcc6 35.Rd4 Rc2 36.Kg3 Rb6 37.Rdd3 Rb4 38.Kf3 Rb2 39.Kg3 a5 40.Rf3 f5 41.
Kh2 e5 42.h4 0-1

[Event "22nd WCh U20 Girls"]
[Site "Kochi IND"]
[Date "2004.11.22"]
[Round "5.6"]
[White "Foudzi, Siti Zulaikha"]
[Black "Tania, Sachdev"]
[Result "1/2-1/2"]
[WhiteElo "2162"]
[BlackElo "2256"]
[EventDate "2004.11.20"]
[PlyCount "33"]

1.e4 e5 2.Nc3 Nc6 3.f4 g6 4.Nf3 Bg7 5.Bb5 Nd4 6.O-O a6 7.Bd3 d6 8.Nd5 Nf6 
9.Nxf6+ Bxf6 10.c3 Nxf3+ 11.Qxf3 O-O 12.a4 Bd7 13.Qe2 Qe7 14.b3 Bc6 15.Bb2
b6 16.Rae1 Bb7 17.Bc4 1/2-1/2

[Event "22nd WCh U20 Girls"]
[Site "Kochi IND"]
[Date "2004.11.22"]
[Round "5.7"]
[White "Vinuthna, N."]
[Black "Chandra, Koneru"]
[Result "1-0"]
[WhiteElo "2229"]
[BlackElo "2107"]
[EventDate "2004.11.20"]
[PlyCount "147"]

1.e4 c5 2.Nf3 d6 3.d4 cxd4 4.Nxd4 Nf6 5.Nc3 a6 6.Be2 e5 7.Nb3 Be7 8.O-O 
O-O 9.Kh1 b6 10.Be3 Bb7 11.f3 Qc7 12.a4 Nbd7 13.Rf2 Rfd8 14.Bf1 h6 15.Rd2 
Rac8 16.Nc1 Nc5 17.N1a2 a5 18.Bb5 Nh5 19.Nd5 Bxd5 20.Rxd5 Bg5 21.Bxg5 hxg5
22.Nc3 Ne6 23.Rd2 Nf6 24.Ba6 Ra8 25.Bf1 Nd4 26.Nb5 Nxb5 27.Bxb5 Qc5 28.Ra3
Rac8 29.Rad3 Kf8 30.Rxd6 Rxd6 31.Rxd6 Ke7 32.Rd2 g4 33.c3 gxf3 34.gxf3 Qc7
35.Qg1 Kf8 36.Qg5 Qe7 37.Qe3 Rd8 38.Rxd8+ Qxd8 39.Qd3 Qxd3 40.Bxd3 Nh5 41.
Kg1 Ke7 42.Kf2 Kd6 43.b4 f6 44.Ke3 Nf4 45.Bf1 Kc6 46.Bc4 Kd6 47.Kd2 Kc6 
48.Kc2 Nh3 49.Be2 Ng1 50.Bd1 Nh3 51.Kb3 Nf4 52.Kc4 Ng2 53.Be2 Ne3+ 54.Kd3 
Ng2 55.Bf1 Nf4+ 56.Kc4 Ng6 57.Bh3 Nh4 58.Bg4 Ng2 59.Bh5 Ne3+ 60.Kd3 Ng2 
61.Be8+ Kc7 62.Kc4 Nh4 63.Kd5 Nxf3 64.h3 axb4 65.cxb4 Ng5 66.h4 Nh3 67.Ke6
Kd8 68.Bg6 Nf4+ 69.Kf7 Ng2 70.h5 Nf4 71.Kxg7 Ne2 72.a5 bxa5 73.bxa5 f5 74.
h6 1-0

[Event "22nd WCh U20 Girls"]
[Site "Kochi IND"]
[Date "2004.11.22"]
[Round "5.10"]
[White "Delphin, C."]
[Black "Perez Rodriguez, Jennifer"]
[Result "0-1"]
[WhiteElo "1998"]
[BlackElo "2162"]
[EventDate "2004.11.20"]
[PlyCount "84"]

1.e4 e5 2.Nf3 Nc6 3.Bb5 f5 4.d3 fxe4 5.dxe4 Nf6 6.Bg5 Bc5 7.O-O d6 8.Nc3 
O-O 9.Na4 Bb6 10.Nxb6 axb6 11.Qd3 Qe8 12.Bxc6 bxc6 13.Bxf6 Rxf6 14.Rfe1 
Qh5 15.Nd2 Be6 16.Nf1 Raf8 17.Re2 Rg6 18.Ng3 Qg5 19.Rae1 h5 20.f3 h4 21.
Nf1 Qh5 22.Rf2 d5 23.exd5 Bxd5 24.Re3 Qg5 25.c4 Be6 26.Qe4 Rf4 27.Qxe5 
Qxe5 28.Rxe5 Rxc4 29.Rfe2 Bd5 30.Kf2 Rc1 31.Ne3 Bxa2 32.Nf5 Rc4 33.Ne7+ 
Kh7 34.R2e4 Rh6 35.Nf5 Rc2+ 36.Ke3 h3 37.gxh3 Rxh3 38.Re7 Kg6 39.Kf4 Bd5 
40.Re3 Kf6 41.b3 Rg2 42.Ng3 g5+ 0-1

[Event "22nd WCh U20 Girls"]
[Site "Kochi IND"]
[Date "2004.11.22"]
[Round "5.11"]
[White "Ghaderpour, Shayesteh"]
[Black "Mijovic, Aleksandra"]
[Result "1-0"]
[WhiteElo "2025"]
[BlackElo "2152"]
[EventDate "2004.11.20"]
[PlyCount "45"]

1.e4 c5 2.Nf3 e6 3.c3 Qa5 4.Bd3 Nc6 5.O-O Nf6 6.Bc2 c4 7.Re1 b5 8.e5 Nd5 
9.d4 cxd3 10.Qxd3 Bb7 11.Nbd2 Rc8 12.Nb3 Qa6 13.Qe2 Na5 14.Nxa5 Qxa5 15.
Bd3 a6 16.Ng5 Be7 17.Nxh7 g6 18.Ng5 Rh5 19.Qg4 Bxg5 20.Bxg5 Kf8 21.Bf6 
Nxf6 22.exf6 Rcc5 23.b4 1-0

[Event "22nd WCh U20 Girls"]
[Site "Kochi IND"]
[Date "2004.11.22"]
[Round "5.12"]
[White "Hodova, Lucie"]
[Black "Raghavi, Nagarajan"]
[Result "1/2-1/2"]
[WhiteElo "2118"]
[BlackElo "2117"]
[EventDate "2004.11.20"]
[PlyCount "42"]

1.e4 c5 2.Nf3 Nc6 3.d4 cxd4 4.Nxd4 Nf6 5.Nc3 e5 6.Ndb5 d6 7.Bg5 a6 8.Na3 
b5 9.Bxf6 gxf6 10.Nd5 Bg7 11.c3 f5 12.exf5 Bxf5 13.Nc2 Be6 14.g3 O-O 15.
Bg2 Rb8 16.O-O a5 17.a3 f5 18.Qe2 Ne7 19.Rad1 Ng6 20.f4 Qc8 21.Nce3 Qc5 
1/2-1/2

[Event "22nd WCh U20 Girls"]
[Site "Kochi IND"]
[Date "2004.11.22"]
[Round "5.13"]
[White "Meenu, Rajendran"]
[Black "Bensdorp, Marlies"]
[Result "0-1"]
[WhiteElo "1979"]
[BlackElo "2214"]
[EventDate "2004.11.20"]
[PlyCount "100"]

1.e4 e6 2.d4 d5 3.e5 c5 4.c3 Nc6 5.Nf3 Qb6 6.Be2 Nh6 7.Bxh6 gxh6 8.Qd2 Bg7
9.O-O O-O 10.Na3 cxd4 11.cxd4 f6 12.exf6 Rxf6 13.Nc2 Bd7 14.Ne3 Raf8 15.
Ne5 Nxe5 16.dxe5 Rf4 17.Ng4 Qb4 18.Qxb4 Rxb4 19.Rab1 Be8 20.a3 Rb3 21.Bd1 
Rb6 22.f4 Bg6 23.Rc1 Rxb2 24.g3 h5 25.Ne3 Ra2 26.a4 Ra3 27.Re1 Rf7 28.Rc8+
Bf8 29.Nc2 Rxa4 30.Ne3 Ra5 31.Bb3 Rc5 32.Ra8 a6 33.Re8 Re7 34.Rd8 Rc3 35.
Ba2 Re8 36.Rd7 Bc5 37.Kf2 Ra3 38.Bxd5 exd5 39.Rxd5 Bxe3+ 40.Rxe3 Rxe3 41.
Kxe3 Kf7 42.Rd6 Re6 43.Rd7+ Re7 44.Rd6 Ke8 45.Rb6 Rd7 46.e6 Rc7 47.Kd4 Ke7
48.Ke5 Be8 49.Kd4 Bb5 50.Rxb5 axb5 0-1

[Event "22nd WCh U20 Girls"]
[Site "Kochi IND"]
[Date "2004.11.22"]
[Round "5.14"]
[White "Nimmy, A. G."]
[Black "Gutierrez Castillo, Paloma"]
[Result "1/2-1/2"]
[WhiteElo "2063"]
[BlackElo "2119"]
[EventDate "2004.11.20"]
[PlyCount "104"]

1.e4 e5 2.Nf3 Nc6 3.Bc4 Bc5 4.c3 Nf6 5.d4 exd4 6.e5 d5 7.Bb5 Ne4 8.cxd4 
Bb6 9.h3 O-O 10.O-O f6 11.Be3 f5 12.Bxc6 bxc6 13.Qc1 Qe8 14.Nc3 Qg6 15.Ne2
Ba6 16.Re1 Ba5 17.Nc3 Rab8 18.Bd2 Nxd2 19.Qxd2 Rbe8 20.a3 Bc8 21.b4 Bb6 
22.Ne2 f4 23.Kh2 Qh6 24.a4 a6 25.Ra3 g5 26.Rh1 g4 27.Ne1 gxh3 28.gxh3 Kh8 
29.Kg1 Qg6+ 30.Kf1 Qe4 31.Nf3 Qb1+ 32.Qc1 Qxb4 33.Nxf4 Qc4+ 34.Qxc4 dxc4 
35.Nh5 Rd8 36.Nf6 Bxd4 37.Nxd4 Rxd4 38.Rg3 Rd3 39.Rhg1 Bxh3+ 40.Ke2 Rxg3 
41.Rxg3 Bf5 42.f4 h6 43.Kd2 Rd8+ 44.Kc1 Rb8 45.Kd2 a5 46.Rg1 Rb2+ 47.Kc3 
Rb3+ 48.Kxc4 Be6+ 49.Kd4 Rb4+ 50.Ke3 Rb3+ 51.Ke4 Rb4+ 52.Ke3 Rb3+ 1/2-1/2

[Event "22nd WCh U20 Girls"]
[Site "Kochi IND"]
[Date "2004.11.22"]
[Round "5.15"]
[White "Ramya Krishna, Inapuri"]
[Black "Anuprita, Patil"]
[Result "1/2-1/2"]
[WhiteElo "2096"]
[BlackElo "2081"]
[EventDate "2004.11.20"]
[PlyCount "64"]

1.d4 d5 2.c4 c6 3.cxd5 cxd5 4.Nc3 Nf6 5.Bf4 a6 6.Nf3 Nc6 7.e3 Bg4 8.Be2 e6
9.Qb3 Ra7 10.Rc1 Bd6 11.Bg5 Bxf3 12.Bxf3 h6 13.Bh4 O-O 14.O-O Be7 15.Rfd1 
Na5 16.Qc2 b5 17.b3 Rc7 18.Qd3 Qd7 19.Ne2 Rfc8 20.Rxc7 Rxc7 21.Rc1 Rxc1+ 
22.Nxc1 Qc7 23.Ne2 Nb7 24.Qc3 Qd7 25.Bg3 Nd6 26.Qa5 Qc8 27.h3 Nde4 28.Bxe4
Nxe4 29.Qc7 Qxc7 30.Bxc7 Kf8 31.f3 Nf6 32.Kf2 Ke8 1/2-1/2

[Event "22nd WCh U20 Girls"]
[Site "Kochi IND"]
[Date "2004.11.22"]
[Round "5.16"]
[White "Stiri, Alexandra"]
[Black "Brekke, Jorunn"]
[Result "1-0"]
[WhiteElo "2201"]
[BlackElo "1988"]
[EventDate "2004.11.20"]
[PlyCount "83"]

1.e4 e5 2.Nf3 Nc6 3.c3 Nf6 4.d4 exd4 5.e5 Nd5 6.cxd4 d6 7.Bb5 Be7 8.exd6 
Qxd6 9.O-O O-O 10.Nbd2 a6 11.Ba4 Bg4 12.h3 Bxh3 13.gxh3 Qg6+ 14.Kh1 Nf4 
15.Rg1 Nxh3 16.Rxg6 Nxf2+ 17.Kg1 Nxd1 18.Rxc6 bxc6 19.Bxd1 Rfd8 20.Bb3 c5 
21.d5 Rd6 22.Ne4 Rg6+ 23.Kf1 Kf8 24.Be3 a5 25.Nxc5 Bd6 26.Rd1 Rg3 27.Kf2 
Rg4 28.Ba4 Bxc5 29.Bxc5+ Kg8 30.b3 h6 31.Re1 Rd8 32.Bc6 Rb8 33.Re7 a4 34.
Bxa4 Rxa4 35.bxa4 Rb2+ 36.Re2 Rb8 37.Ne5 Rd8 38.Nc6 Ra8 39.a5 g5 40.Re7 
Kg7 41.Rxc7 Kf6 42.d6 1-0

[Event "22nd WCh U20 Girls"]
[Site "Kochi IND"]
[Date "2004.11.22"]
[Round "5.17"]
[White "Elappen, Jenine"]
[Black "Sivasankari, P."]
[Result "0-1"]
[WhiteElo "2031"]
[BlackElo "2112"]
[EventDate "2004.11.20"]
[PlyCount "93"]

1.e4 c5 2.Nf3 e6 3.c3 d5 4.exd5 Qxd5 5.d4 Nc6 6.Be2 Nf6 7.O-O cxd4 8.cxd4 
Be7 9.Nc3 Qd8 10.h3 a6 11.a4 O-O 12.Be3 Qa5 13.Qb3 Rd8 14.Rfd1 Nb4 15.Rac1
Bd7 16.Ne5 Nbd5 17.Nc4 Qb4 18.Qxb4 Bxb4 19.Nxd5 Nxd5 20.b3 b5 21.axb5 axb5
22.Ne5 Nc3 23.Bf3 Nxd1 24.Bxa8 Nxe3 25.Nxd7 Rxa8 26.fxe3 Bd2 27.Rc5 Bxe3+ 
28.Kf1 Bxd4 29.Rxb5 f6 30.Ke2 Ra2+ 31.Kf3 Rf2+ 32.Ke4 e5 33.Kd5 Kf7 34.Rb7
Kg6 35.Nf8+ Kh6 36.g4 Rh2 37.Ne6 Rxh3 38.Nxg7 Kg5 39.Ne6+ Kxg4 40.Nxd4 Rd3
41.Rb4 Rxd4+ 42.Rxd4+ exd4 43.Kxd4 Kf5 44.Kd5 h5 45.b4 h4 46.b5 h3 47.b6 
0-1

[Event "22nd WCh U20 Girls"]
[Site "Kochi IND"]
[Date "2004.11.22"]
[Round "6.2"]
[White "Aketaeva, Dana"]
[Black "Karavade, Eesha"]
[Result "1/2-1/2"]
[WhiteElo "2223"]
[BlackElo "2307"]
[EventDate "2004.11.20"]
[PlyCount "148"]

1.e4 c5 2.Nf3 d6 3.d4 cxd4 4.Nxd4 Nf6 5.Nc3 a6 6.Be2 e5 7.Nf3 h6 8.O-O Be7
9.Re1 O-O 10.h3 Qc7 11.Bf1 Be6 12.Nd5 Nxd5 13.exd5 Bf5 14.c4 Bh7 15.b3 f5 
16.Ba3 Bf6 17.Rc1 b6 18.b4 Nd7 19.c5 bxc5 20.bxc5 Qa5 21.c6 Qxa3 22.cxd7 
Ra7 23.Rc6 Rxd7 24.Rxa6 Qc5 25.Rc6 Qa7 26.Ra6 Qc5 27.Rc6 Qb4 28.Qd2 Qxd2 
29.Nxd2 Ra8 30.Ba6 Rda7 31.Bc4 Rd8 32.Bb3 e4 33.Kf1 Bd4 34.Nc4 Bc5 35.Nb6 
f4 36.Na4 Bb4 37.Rd1 e3 38.Rd4 Bd2 39.f3 Bg6 40.Nb2 Be8 41.Nc4 Bc3 42.Rxf4
Re7 43.Re4 Rxe4 44.fxe4 Bxc6 45.dxc6 Kf8 46.Nxe3 Ba5 47.Ke2 Rc8 48.Bd5 g6 
49.Nc4 Bc7 50.Kd3 Ke7 51.Kc3 Rf8 52.a4 Rf1 53.Ne3 Ra1 54.Bb3 Ba5+ 55.Kd3 
Rc1 56.Nd5+ Kd8 57.Bc4 Rd1+ 58.Ke3 Re1+ 59.Kf3 Ra1 60.Bb5 Ra3+ 61.Kf2 Rb3 
62.Kg1 g5 63.Kf2 Ra3 64.Kg1 Rb3 65.Kh2 Bc7 66.Kg1 Ba5 67.Kf2 Ra3 68.Ke2 
Rg3 69.Kf1 Ra3 70.Nf6 Bb6 71.Nd5 Ba5 72.Ke2 Rg3 73.Kf2 Ra3 74.g3 h5 
1/2-1/2

[Event "22nd WCh U20 Girls"]
[Site "Kochi IND"]
[Date "2004.11.22"]
[Round "6.5"]
[White "Motoc, Alina"]
[Black "Foudzi, Siti Zulaikha"]
[Result "1-0"]
[WhiteElo "2359"]
[BlackElo "2162"]
[EventDate "2004.11.20"]
[PlyCount "87"]

1.d4 Nf6 2.c4 g6 3.Nc3 Bg7 4.e4 d6 5.h3 O-O 6.Bg5 Na6 7.Bd3 e5 8.d5 Qe8 9.
g4 Nd7 10.a3 Ndc5 11.Bc2 f5 12.b4 Nxe4 13.Nxe4 fxe4 14.Bxe4 Nb8 15.Ne2 Nd7
16.O-O Nf6 17.Nc3 Bd7 18.Qb3 h6 19.Be3 Nxe4 20.Nxe4 Qe7 21.f3 Rf7 22.Kg2 
b6 23.c5 Bb5 24.Rf2 Raf8 25.a4 Ba6 26.a5 bxc5 27.bxc5 Qh4 28.Qd1 dxc5 29.
Bxc5 Rd8 30.Qb3 Kh7 31.Rd2 Bf8 32.d6 Rdd7 33.Bf2 Qd8 34.Nc5 Bc8 35.Nxd7 
Qxd7 36.dxc7 Qxc7 37.a6 Rf6 38.Rc2 Qd8 39.Rxc8 Qxc8 40.Qb7+ Qxb7 41.axb7 
Bd6 42.Rxa7 Bb8 43.Ra8 Rf8 44.Ba7 1-0

[Event "22nd WCh U20 Girls"]
[Site "Kochi IND"]
[Date "2004.11.22"]
[Round "6.8"]
[White "Van Weersel, Arlette"]
[Black "Saheli, Nath"]
[Result "0-1"]
[WhiteElo "2184"]
[BlackElo "2130"]
[EventDate "2004.11.20"]
[PlyCount "72"]

1.e4 c5 2.c4 Nc6 3.Ne2 e5 4.Nbc3 g6 5.g3 Bg7 6.Bg2 Nge7 7.O-O O-O 8.f4 d6 
9.d3 f5 10.a3 exf4 11.gxf4 Be6 12.b3 Nd4 13.Rb1 Qd7 14.Qe1 Nec6 15.Nxd4 
Nxd4 16.Ne2 fxe4 17.dxe4 Bh3 18.Ng3 h5 19.Nh1 Qg4 20.Ng3 Bxg2 21.Kxg2 h4 
22.b4 hxg3 23.hxg3 b6 24.bxc5 dxc5 25.a4 Qe6 26.a5 Qxc4 27.Bd2 Rae8 28.
axb6 Nc2 29.Qc1 Qxe4+ 30.Kh2 Kf7 31.g4 Rh8+ 32.Kg3 Qd3+ 33.Rf3 Rh3+ 34.
Kxh3 Qxf3+ 35.Kh2 Rh8+ 36.Kg1 Rh1# 0-1